000 00508cam a2200145 4500500
005 20251109010955.0
041 _afre
042 _adc
100 1 0 _aLabey, Gildas
_eauthor
245 0 0 _aFrédéric Nef L’esprit vivant de la nature L’âme et la matière. Cerf, 2025, 224 pages, 20 €.
260 _c2025.
500 _a48
786 0 _nÉtudes | 4331 | 11 | 2025-11-03 | p. 135a-136 | 0014-1941
856 4 1 _uhttps://shs.cairn.info/revue-etudes-2025-11-page-135a?lang=fr&redirect-ssocas=7080
999 _c1562207
_d1562207